000 01327cad a22002295a 4500
001 E147390
008 090508s2009 xxk f 000 0 eng d
035 _a(Sirsi) u147390
041 0 _aeng
050 0 4 _a333.72 $2 18
110 2 _aTown and Country Planning Association
_93022
245 0 0 _aDeveloping effective economic strategies for eco-towns
_beco-towns economy worksheet, advice to promoters and planners
_h[electronic resource]
260 _aLondon
_bTCPA
_c2009
505 2 _aIntroduction -- Key parameters -- An economic strategy for eco-towns: essential questions -- Developing an economic strategy for eco-towns -- Components in the strategy --Delivery mechanisms -- Performance measurement -- Annex 1 Further reading
520 _aAimed at encouraging the development of an appropriate economic strategy for eco-towns, this worksheet sets out the elements to be included in an economic strategy, and the factors to be taken into consideration when setting parameters for the strategy.
521 _aAdvanced
590 _aKA
651 4 _aEngland and Wales
_y1543-
690 _aENVIRONMENTAL AND LAND CONSULTANCY-SUSTAINABILITY-SUSTAINABLE DEVELOPMENT
856 4 0 _uhttps://www.tcpa.org.uk/pages/sustainability-worksheets.html
_zView the worksheet (pdf) free of charge at www.tcpa.org.uk...
942 _n0
999 _c109535
_d109535